| 000 | 00000nam##2200000za#4500 |
| 001 | 9.693995 |
| 003 | CaOODSP |
| 005 | 20240209132430 |
| 007 | cr ||||||||||| |
| 008 | 150407|2005||||xxc|||||o f|0| 0 eng|d |
| 040 | |aCaOODSP|beng |
| 043 | |an-cn--- |
| 086 | 1 |aIu89-4/19-2005E-PDF |
| 110 | 2 |aAtlantic Canada Opportunities Agency. |
| 245 | 14|aThe Business Development Program - business assistance |h[electronic resource] |
| 260 | |aMoncton - New Brunswick : |bAtlantic Canada Opportunities Agency |c[2005]. |
| 300 | |a2p.|bphotographs |
| 500 | |aThe catalogue number (IU89-4/19-2005E) and ISBN (0-662-41276-1) for the print edition have been incorrectly copied in this electronic publication. |
| 590 | |a11-06-Supp|b2011-04-14 |
| 690 | 07|aBusiness intelligence|2gcpds |
| 775 | 08|tLe Programme de développement des entreprises - aide aux entreprises |w(CaOODSP)9.638178 |
| 856 | 40|ahttp://publications.gc.ca|qPDF|s331 KB|uhttps://publications.gc.ca/collections/collection_2010/apeca-acoa/Iu89-4-19-2005-eng.pdf |